Исследование влияния электронного облучения на дисперсные металлы методом дифференциального термического анализа; Химия и химическая технология в XXI веке; Т. 1

Bibliographic Details
Parent link:Химия и химическая технология в XXI веке: материалы XXII Международной научно-практической конференции студентов и молодых ученых имени выдающихся химиков Л. П. Кулёва и Н. М. Кижнера, посвященной 125-летию со дня основания Томского политехнического университета, Томск, 17-20 мая 2021 г./ Национальный исследовательский Томский политехнический университет (ТПУ) ; Инженерная школа природных ресурсов ; Исследовательская школа химических и биомедицинских технологий.— , 2021
Т. 1.— 2021.— [С. 129-130]
Corporate Authors: Национальный исследовательский Томский политехнический университет Инженерная школа ядерных технологий Научно-исследовательская лаборатория СВЧ-технологии, Национальный исследовательский Томский политехнический университет Инженерная школа новых производственных технологий Отделение материаловедения
Other Authors: Токмакова Д. Г., Приходько Ю. С., Мостовщиков А. В. Андрей Владимирович, Егоров И. С. Иван Сергеевич, Лаптев И. В.
Summary:Заглавие с титульного экрана
Language:Russian
Published: 2021
Series:Химия и химическая технология неорганических веществ и материалов
Subjects:
Online Access:http://earchive.tpu.ru/handle/11683/66185
Format: Electronic Book Chapter
KOHA link:https://koha.lib.tpu.ru/cgi-bin/koha/opac-detail.pl?biblionumber=632812

MARC

LEADER 00000naa2a2200000 4500
001 632812
005 20260316160824.0
035 |a (RuTPU)RU\TPU\conf\34534 
035 |a RU\TPU\conf\34523 
090 |a 632812 
100 |a 20210521d2021 k y0rusy50 ca 
101 0 |a rus 
102 |a RU 
105 |a y z 101zy 
135 |a drgn ---uucaa 
181 0 |a i  
182 0 |a b 
200 1 |a Исследование влияния электронного облучения на дисперсные металлы методом дифференциального термического анализа  |f Д. Г. Токмакова, Ю. С. Приходько, А. В. Мостовщиков [и др.] 
203 |a Текст  |c электронный 
225 1 |a Химия и химическая технология неорганических веществ и материалов 
300 |a Заглавие с титульного экрана 
320 |a [Библиогр.: с. 130 (3 назв.)] 
461 1 |0 (RuTPU)RU\TPU\conf\34506  |t Химия и химическая технология в XXI веке  |o материалы XXII Международной научно-практической конференции студентов и молодых ученых имени выдающихся химиков Л. П. Кулёва и Н. М. Кижнера, посвященной 125-летию со дня основания Томского политехнического университета, Томск, 17-20 мая 2021 г.  |o в 2 т.  |f Национальный исследовательский Томский политехнический университет (ТПУ) ; Инженерная школа природных ресурсов ; Исследовательская школа химических и биомедицинских технологий  |d 2021 
463 1 |0 (RuTPU)RU\TPU\conf\34507  |t Т. 1  |v [С. 129-130]  |d 2021 
610 1 |a труды учёных ТПУ 
610 1 |a электронный ресурс 
610 1 |a электронное облучение 
610 1 |a дисперсные металлы 
610 1 |a дифференциальный анализ 
610 1 |a термический анализ 
610 1 |a металлические порошки 
610 1 |a теплофизические свойства 
610 1 |a нанопорошки 
610 1 |a микропорошки 
701 1 |a Токмакова  |b Д. Г. 
701 1 |a Приходько  |b Ю. С. 
701 1 |a Мостовщиков  |b А. В.  |c химик  |c старший научный сотрудник, профессор Томского политехнического университета, доктор технических наук  |f 1989-  |g Андрей Владимирович  |y Томск  |3 (RuTPU)RU\TPU\pers\25492  |9 11429 
701 1 |a Егоров  |b И. С.  |c физик  |c научный сотрудник Томского политехнического университета, кандидат технических наук  |f 1985-  |g Иван Сергеевич  |y Томск  |3 (RuTPU)RU\TPU\pers\30622  |9 14903 
701 1 |a Лаптев  |b И. В. 
712 0 2 |a Национальный исследовательский Томский политехнический университет  |b Инженерная школа ядерных технологий  |b Научно-исследовательская лаборатория СВЧ-технологии  |3 (RuTPU)RU\TPU\col\23457 
712 0 2 |a Национальный исследовательский Томский политехнический университет  |b Инженерная школа новых производственных технологий  |b Отделение материаловедения  |3 (RuTPU)RU\TPU\col\23508 
801 2 |a RU  |b 63413507  |c 20210531  |g RCR 
856 4 |u http://earchive.tpu.ru/handle/11683/66185 
942 |c BK